000 00574nas a22001697a 4500
005 20251108172928.0
008 250721s9999 xx mr 000 0 ara d
082 1 4 _aم/338.2728205/نفط
245 1 0 _aالنفط و التنميه : مجله تعنى بشؤون النفط و التنميه في الوطن العربي و العالم /
264 1 _aبغداد :
_bدار الثوره للصحافه و النشر،
310 _aMonthly
650 1 7 _aالبترول
650 1 7 _aالاقتصاد
650 1 7 _aدوريات
942 _2ddc
_cPER
999 _c92067
_d92067